00668cam a22002291 4500001001300000003000400013005001700017008004100034010001700075020001300092035001900105040001900124042001200143050001700155100003800172245010300210260003300313300002400346610002100370610003000391999001700421sa 67004989 DLC20260227112352.0770610s1966 ii 000 0 eng  asa 67004989  a329.9/54 a(OCoLC)3031291 aDLCcNBuUdDLC apremarc00aJQ298.S9bM31 aMasani, Minocheher Rustom,d1905-10aCongress misrule and the Swatantra alternative,cby M. R. Masani. Foreword by C. Rajagopalachari. aBombay,bManaktalas,c[1966] axvi, 196 p.c22 cm.20aSwatantra Party.20aIndian National Congress. c74879d74879